Bilecik Bilecik Bilecik Bilecik Bilecik

History of the Ottoman Empire and modern Turkey/ (Record no. 4792)

MARC details
000 -BAŞLIK
Sabit Uzunluktaki Kontrol Alanı 01286nam a22003497a 4500
001 - KONTROL NUMARASI
Control Dosyası 0004810
003 - KONTROL NUMARASI KİMLİĞİ
Kontrol Alanı KOHA_MİRAKIL
005 - EN SON İŞLEM TARİHİ ve ZAMANI
Kontrol Alanı 20260207001426.0
007 - FİZİKSEL TANIM SABİT ALAN - GENEL BİLGİ
Sabit uzunluklu kontrol alanı ta
008 - SABİT UZUNLUKTAKİ VERİ ÖGELERİ - GENEL BİLGİ
Sabit Alan 090506b1976 enk |||gr||||#0|||0|eng |
020 ## - ISBN - ULUSLARARASI STANDART KİTAP NUMARASI
Isbn 0521291631
Nitelik bilgileri (v. 1)
Kullanılabilirlik koşulları 0,01
040 ## - KATALOGLAMA KAYNAĞI
Özgün Kataloglama Kurumu TR-BiSEU
Kataloglama Dili tur
Çeviri Kurumu TR-BiSEU
Açıklama Kuralları rda
041 0# - DİL KODU
Metin ya da ses kaydının dil kodu eng
044 ## - YAYINLAYAN/ÜRETEN KURULUŞUN ÜLKE KODU
ISO country code enk
050 ## - SINIFLAMA ve YER NUMARASI
Sınıflama Numarası DR440
Yer Numarası .S53 1976
100 1# - KİŞİ ADI
Yazar Adı (Kişi adı) Shaw, Stanford J.
Fuller form of name (Stanford Jay).
245 1# - ESER ADI BİLDİRİMİ
Başlık History of the Ottoman Empire and modern Turkey/
Sorumluluk Bildirimi Stanford J. (Stanford Jay) Shaw ; Stanford Shaw.
264 #1 - ÜRERİM, YAYIN, DAĞITIM ve TELİF BİLDİRİMİ
Yayın yeri Cambridge ; New York :
Yayınlayan Cambridge University Press
Yayın tarihi 1976
300 ## - FİZİKSEL TANIMLAMA
Sayfa, Cilt vb. 2 v.: maps
336 ## - İÇERİK TÜRÜ
Content type term metin
Content type code txt
Source rdacontent
337 ## - MEDYA TÜRÜ
Media type term aracısız
Media type code n
Source rdamedia
338 ## - TAŞIYICI TÜRÜ
Carrier type term cilt
Carrier type code nc
Source rdacarrier
500 ## - GENEL NOT
Genel Not Vol. 2 by S. J. Shaw and E. K. Shaw.
500 ## - GENEL NOT
Genel Not Bibliography: v. 1, p. 302-324 ; v. 2, p. 441-466.
500 ## - GENEL NOT
Genel Not Includes indexes.
500 ## - GENEL NOT
Genel Not v. 1. Empire of the Gazis: the rise and decline of the Ottoman Empire, 1280-1808.--v. 2. Reform, revolution, and republic: the rise of modern Turkey, 1808-1975.
650 #0 - KONU BAŞLIĞI EK GİRİŞ - KONU TERİMİ
Konusal terim veya coğrafi ad Turkey--History--Ottoman Empire, 1288-1918.
9 (RLIN) 4433
650 #0 - KONU BAŞLIĞI EK GİRİŞ - KONU TERİMİ
Konusal terim veya coğrafi ad Turkey--History--1918-1960.
9 (RLIN) 11801
650 #0 - KONU BAŞLIĞI EK GİRİŞ - KONU TERİMİ
Konusal terim veya coğrafi ad Turkey--History--1960-
9 (RLIN) 11802
907 ## - LOCAL DATA ELEMENT G, LDG (RLIN)
a Tarih
942 ## - EK GİRİŞ ÖGELERİ (KOHA)
Source of classification or shelving scheme Library of Congress Classification
Koha item type Book
Holdings
Materyal Türü Kalıcı Konum Mevcut Konum Raf Yeri Sınıflandırma Kaynağı Edinim Bilgisi Ana Konular Alt Konular Yer Numarası Cilt Bilgisi Demirbaş Numarası Fatura Tarihi Geri Çekilme Durumu Kayıp Durumu Hasarlı Durumu Kredi için değil Kayıt Tarih Toplam Ödünçverme Son Görülme Tarihi Son Kontrol Tarihi Genel / Bağış Notu
Book Prof. Dr. Azmi Özcan Kütüphanesi Prof. Dr. Azmi Özcan Kütüphanesi Uluğbey Salonu Library of Congress Classification Bağış DÜNYA TARİHİ (AVRUPA, ASYA, AFRİKA VB.) Balkan Yarımadası DR440 .S53 1976 v.1 0004810 13/08/2010         06/05/2009 2 05/12/2024 05/12/2024 Genel Bağış